[Event "2025 National K-12 Grade Championship"]
[Site "Spokane, WI USA, United States"]
[Date "2025.12.13"]
[Round "4.5"]
[White "Zhao, Erick"]
[Black "Pothuri, Abhiram Sai"]
[Result "1-0"]
[TimeControl "G/90; d10"]
[WhiteTitle "IM"]
[WhiteFideId "30946930"]
[BlackFideId "30969263"]
[WhiteElo "2518"]
[BlackElo "2185"]

1. c4 {[%clk 01:24:35]} {[%emt 00:05:34]} c5 {[%clk 01:29:58]} {[%emt
00:00:12]} 2. Nc3 {[%clk 01:24:10]} {[%emt 00:00:33]} Nc6 {[%clk 01:29:58]}
{[%emt 00:00:11]} 3. Nf3 {[%clk 01:24:02]} {[%emt 00:00:18]} Nf6 {[%clk
01:29:37]} {[%emt 00:00:31]} 4. g3 {[%clk 01:24:01]} {[%emt 00:00:12]} g6
{[%clk 01:28:24]} {[%emt 00:01:23]} 5. d4 {[%clk 01:23:02]} {[%emt 00:01:09]}
cxd4 {[%clk 01:27:52]} {[%emt 00:00:42]} 6. Nxd4 {[%clk 01:22:59]} {[%emt
00:00:11]} Bg7 {[%clk 01:24:52]} {[%emt 00:03:11]} 7. Nc2 {[%clk 01:20:47]}
{[%emt 00:02:22]} O-O {[%clk 01:22:35]} {[%emt 00:02:28]} 8. Bg2 {[%clk
01:20:46]} {[%emt 00:00:10]} b6 {[%clk 01:22:05]} {[%emt 00:00:41]} 9. O-O
{[%clk 01:19:22]} {[%emt 00:01:32]} Bb7 {[%clk 01:22:05]} {[%emt 00:00:09]} 10.
b3 {[%clk 01:17:53]} {[%emt 00:01:39]} Rc8 {[%clk 01:14:41]} {[%emt 00:07:34]}
11. e4 {[%clk 01:14:51]} {[%emt 00:03:11]} d6 {[%clk 01:12:50]} {[%emt
00:02:02]} 12. Bb2 {[%clk 01:14:21]} {[%emt 00:00:38]} Nb8 {[%clk 01:07:33]}
{[%emt 00:05:29]} 13. e5 {[%clk 01:12:41]} {[%emt 00:01:50]} Bxg2 {[%clk
01:06:51]} {[%emt 00:00:52]} 14. exf6 {[%clk 01:12:37]} {[%emt 00:00:13]} Bxf6
{[%clk 01:06:09]} {[%emt 00:00:52]} 15. Kxg2 {[%clk 01:12:34]} {[%emt
00:00:13]} b5 {[%clk 01:06:09]} {[%emt 00:00:07]} 16. Ne3 {[%clk 01:11:57]}
{[%emt 00:00:46]} bxc4 {[%clk 01:04:47]} {[%emt 00:01:33]} 17. Nxc4 {[%clk
01:11:15]} {[%emt 00:00:51]} Nc6 {[%clk 01:04:22]} {[%emt 00:00:37]} 18. Qd2
{[%clk 01:09:05]} {[%emt 00:02:19]} Na5 {[%clk 01:03:00]} {[%emt 00:01:32]} 19.
Ne3 {[%clk 01:08:49]} {[%emt 00:00:26]} e6 {[%clk 01:01:47]} {[%emt 00:01:24]}
20. Rad1 {[%clk 01:02:44]} {[%emt 00:06:14]} d5 {[%clk 01:00:47]} {[%emt
00:01:11]} 21. Ne2 {[%clk 01:02:24]} {[%emt 00:00:27]} Nc6 {[%clk 00:59:03]}
{[%emt 00:01:56]} 22. Ng4 {[%clk 01:01:53]} {[%emt 00:00:40]} Bxb2 {[%clk
00:57:05]} {[%emt 00:02:09]} 23. Qxb2 {[%clk 01:01:53]} {[%emt 00:00:05]} e5
{[%clk 00:57:05]} {[%emt 00:00:03]} 24. Nxe5 {[%clk 01:01:25]} {[%emt
00:00:38]} Qf6 {[%clk 00:57:05]} {[%emt 00:00:07]} 25. Nd3 {[%clk 01:00:58]}
{[%emt 00:00:37]} Qf5 {[%clk 00:55:20]} {[%emt 00:01:57]} 26. Nd4 {[%clk
01:00:41]} {[%emt 00:00:25]} Nxd4 {[%clk 00:52:14]} {[%emt 00:03:16]} 27. Qxd4
{[%clk 01:00:41]} {[%emt 00:00:08]} Qe4+ {[%clk 00:52:14]} {[%emt 00:00:04]} 28.
Qxe4 {[%clk 01:00:41]} {[%emt 00:00:08]} dxe4 {[%clk 00:52:14]} {[%emt
00:00:03]} 29. Nb4 {[%clk 01:00:41]} {[%emt 00:00:07]} a5 {[%clk 00:52:14]}
{[%emt 00:00:11]} 30. Nd5 {[%clk 01:00:41]} {[%emt 00:00:06]} Rc2 {[%clk
00:52:13]} {[%emt 00:00:12]} 31. Nf6+ {[%clk 01:00:41]} {[%emt 00:00:06]} Kg7
{[%clk 00:52:13]} {[%emt 00:00:08]} 32. Nxe4 {[%clk 01:00:41]} {[%emt
00:00:05]} Rxa2 {[%clk 00:52:13]} {[%emt 00:00:06]} 33. Ra1 {[%clk 01:00:40]}
{[%emt 00:00:11]} Rb2 {[%clk 00:50:00]} {[%emt 00:02:22]} 34. Nc5 {[%clk
01:00:30]} {[%emt 00:00:20]} Ra8 {[%clk 00:50:00]} {[%emt 00:00:10]} 35. Rfb1
{[%clk 01:00:10]} {[%emt 00:00:29]} Rc2 {[%clk 00:49:28]} {[%emt 00:00:43]} 36.
Rc1 {[%clk 01:00:06]} {[%emt 00:00:14]} Rb2 {[%clk 00:49:27]} {[%emt 00:00:11]}
37. Rc3 {[%clk 01:00:06]} {[%emt 00:00:06]} h5 {[%clk 00:49:24]} {[%emt
00:00:14]} 38. Ra4 {[%clk 01:00:06]} {[%emt 00:00:08]} g5 {[%clk 00:49:12]}
{[%emt 00:00:23]} 39. h4 {[%clk 01:00:06]} {[%emt 00:00:09]} g4 {[%clk
00:49:12]} {[%emt 00:00:11]} 40. Nd3 {[%clk 01:00:06]} {[%emt 00:00:06]} Rb1
{[%clk 00:49:10]} {[%emt 00:00:12]} 41. Nf4 {[%clk 00:59:44]} {[%emt 00:00:31]}
f5 {[%clk 00:48:36]} {[%emt 00:00:45]} 42. Rc7+ {[%clk 00:59:24]} {[%emt
00:00:30]} Kh6 {[%clk 00:46:58]} {[%emt 00:01:48]} 43. Rd4 {[%clk 00:59:24]}
{[%emt 00:00:07]} 1-0

[Event "2025 National K-12 Grade Championship"]
[Site "Spokane, WI USA, United States"]
[Date "2025.12.13"]
[Round "4.7"]
[White "Liu, Austin"]
[Black "Huang, Jolie"]
[Result "0-1"]
[TimeControl "G/90; d10"]
[WhiteFideId "30965136"]
[BlackFideId "39902838"]
[WhiteElo "2183"]
[BlackElo "1916"]

1. e4 {[%clk 01:30:00]} {[%emt 00:00:07]} c5 {[%clk 01:30:00]} {[%emt
00:00:07]} 2. Nf3 {[%clk 01:30:00]} {[%emt 00:00:05]} Nc6 {[%clk 01:29:59]}
{[%emt 00:00:11]} 3. d4 {[%clk 01:30:00]} {[%emt 00:00:05]} cxd4 {[%clk
01:29:54]} {[%emt 00:00:14]} 4. Nxd4 {[%clk 01:30:00]} {[%emt 00:00:06]} g6
{[%clk 01:29:49]} {[%emt 00:00:15]} 5. c4 {[%clk 01:29:54]} {[%emt 00:00:16]}
Nf6 {[%clk 01:29:41]} {[%emt 00:00:18]} 6. Nc3 {[%clk 01:29:53]} {[%emt
00:00:11]} d6 {[%clk 01:29:33]} {[%emt 00:00:18]} 7. Be2 {[%clk 01:29:43]}
{[%emt 00:00:20]} Bg7 {[%clk 01:29:31]} {[%emt 00:00:13]} 8. Be3 {[%clk
01:29:22]} {[%emt 00:00:30]} Nxd4 {[%clk 01:29:14]} {[%emt 00:00:27]} 9. Bxd4
{[%clk 01:27:48]} {[%emt 00:01:45]} O-O {[%clk 01:29:03]} {[%emt 00:00:20]} 10.
O-O {[%clk 01:27:19]} {[%emt 00:00:39]} a5 {[%clk 01:28:19]} {[%emt 00:00:56]}
11. Qd3 {[%clk 01:25:24]} {[%emt 00:02:03]} a4 {[%clk 01:24:23]} {[%emt
00:04:06]} 12. f4 {[%clk 01:22:55]} {[%emt 00:02:39]} Bd7 {[%clk 01:16:19]}
{[%emt 00:08:15]} 13. Bf3 {[%clk 01:19:04]} {[%emt 00:04:00]} Bc6 {[%clk
01:13:11]} {[%emt 00:03:18]} 14. Rfd1 {[%clk 01:14:30]} {[%emt 00:04:44]} Qa5
{[%clk 01:01:10]} {[%emt 00:12:12]} 15. Rac1 {[%clk 01:07:00]} {[%emt
00:07:40]} Rfd8 {[%clk 00:54:52]} {[%emt 00:06:29]} 16. Nd5 {[%clk 00:54:45]}
{[%emt 00:12:24]} Bxd5 {[%clk 00:53:01]} {[%emt 00:02:00]} 17. cxd5 {[%clk
00:53:17]} {[%emt 00:01:38]} Nd7 {[%clk 00:45:42]} {[%emt 00:07:30]} 18. Bxg7
{[%clk 00:49:50]} {[%emt 00:03:37]} Kxg7 {[%clk 00:45:37]} {[%emt 00:00:15]} 19.
Qd4+ {[%clk 00:49:27]} {[%emt 00:00:32]} Kg8 {[%clk 00:41:18]} {[%emt
00:04:30]} 20. Bg4 {[%clk 00:46:27]} {[%emt 00:03:10]} Nc5 {[%clk 00:38:20]}
{[%emt 00:03:08]} 21. h4 {[%clk 00:34:28]} {[%emt 00:12:08]} b6 {[%clk
00:32:49]} {[%emt 00:05:42]} 22. h5 {[%clk 00:33:05]} {[%emt 00:01:33]} Qa7
{[%clk 00:29:17]} {[%emt 00:03:42]} 23. hxg6 {[%clk 00:25:18]} {[%emt
00:07:57]} hxg6 {[%clk 00:28:29]} {[%emt 00:00:57]} 24. f5 {[%clk 00:13:39]}
{[%emt 00:11:49]} f6 {[%clk 00:23:05]} {[%emt 00:05:35]} 25. fxg6 {[%clk
00:12:45]} {[%emt 00:01:04]} Kg7 {[%clk 00:23:02]} {[%emt 00:00:12]} 26. Rc3
{[%clk 00:11:22]} {[%emt 00:01:32]} Rh8 {[%clk 00:22:09]} {[%emt 00:01:04]} 27.
Rh3 {[%clk 00:10:19]} {[%emt 00:01:13]} b5 {[%clk 00:17:54]} {[%emt 00:04:26]}
28. Kh2 {[%clk 00:08:51]} {[%emt 00:01:37]} Qa5 {[%clk 00:15:02]} {[%emt
00:03:02]} 29. Rf1 {[%clk 00:04:38]} {[%emt 00:04:23]} b4 {[%clk 00:09:51]}
{[%emt 00:05:22]} 30. Bf5 {[%clk 00:03:40]} {[%emt 00:01:07]} Qb5 {[%clk
00:07:56]} {[%emt 00:02:06]} 31. Rff3 {[%clk 00:03:01]} {[%emt 00:00:48]} b3
{[%clk 00:07:21]} {[%emt 00:00:45]} 32. a3 {[%clk 00:02:20]} {[%emt 00:00:52]}
Qe2 {[%clk 00:07:03]} {[%emt 00:00:28]} 33. Rh7+ {[%clk 00:01:49]} {[%emt
00:00:41]} Rxh7+ {[%clk 00:05:58]} {[%emt 00:01:14]} 34. gxh7 {[%clk 00:01:49]}
{[%emt 00:00:03]} Kh8 {[%clk 00:05:05]} {[%emt 00:01:03]} 35. Rg3 {[%clk
00:01:22]} {[%emt 00:00:38]} Qh5+ {[%clk 00:03:19]} {[%emt 00:01:56]} 36. Bh3
{[%clk 00:01:02]} {[%emt 00:00:29]} Qxh7 {[%clk 00:02:10]} {[%emt 00:01:19]} 37.
Rg4 {[%clk 00:00:35]} {[%emt 00:00:37]} Rg8 {[%clk 00:01:56]} {[%emt 00:00:24]}
38. Rf4 {[%clk 00:00:35]} {[%emt 00:00:07]} Rg5 {[%clk 00:01:37]} {[%emt
00:00:29]} 39. Qe3 {[%clk 00:00:35]} {[%emt 00:00:11]} Qh5 {[%clk 00:01:18]}
{[%emt 00:00:28]} 40. Kg1 {[%clk 00:00:24]} {[%emt 00:00:21]} Qd1+ {[%clk
00:01:18]} {[%emt 00:00:08]} 41. Rf1 {[%clk 00:00:18]} {[%emt 00:00:15]} Qc2
{[%clk 00:01:18]} {[%emt 00:00:10]} 42. e5 {[%clk 00:00:14]} {[%emt 00:00:14]}
Qd3 {[%clk 00:00:43]} {[%emt 00:00:45]} 43. Qxd3 {[%clk 00:00:14]} {[%emt
00:00:08]} Nxd3 {[%clk 00:00:43]} {[%emt 00:00:01]} 44. exf6 {[%clk 00:00:14]}
{[%emt 00:00:10]} exf6 {[%clk 00:00:43]} 45. Rxf6 {[%clk 00:00:14]} {[%emt
00:00:09]} Rxd5 {[%clk 00:00:40]} {[%emt 00:00:14]} 46. Rf8+ {[%clk 00:00:11]}
{[%emt 00:00:12]} Kg7 {[%clk 00:00:40]} {[%emt 00:00:07]} 47. Ra8 {[%clk
00:00:11]} {[%emt 00:00:07]} Nxb2 {[%clk 00:00:40]} {[%emt 00:00:08]} 48. Bd7
{[%clk 00:00:11]} {[%emt 00:00:02]} Rd4 {[%clk 00:00:40]} {[%emt 00:00:07]} 49.
Kf2 {[%clk 00:00:11]} {[%emt 00:00:06]} Kf6 {[%clk 00:00:40]} {[%emt 00:00:06]}
50. Ke3 {[%clk 00:00:11]} {[%emt 00:00:06]} Rd3+ {[%clk 00:00:40]} {[%emt
00:00:07]} 51. Ke2 {[%clk 00:00:11]} {[%emt 00:00:08]} Rg3 {[%clk 00:00:29]}
{[%emt 00:00:21]} 52. Bxa4 {[%clk 00:00:11]} {[%emt 00:00:04]} Rxg2+ {[%clk
00:00:27]} {[%emt 00:00:12]} 53. Kf3 {[%clk 00:00:11]} {[%emt 00:00:10]} Rc2
{[%clk 00:00:27]} {[%emt 00:00:09]} 54. Ke4 {[%clk 00:00:10]} {[%emt 00:00:12]}
Rc4+ {[%clk 00:00:27]} {[%emt 00:00:03]} 55. Kd5 {[%clk 00:00:10]} {[%emt
00:00:03]} Rxa4 {[%clk 00:00:27]} {[%emt 00:00:06]} 56. Rb8 {[%clk 00:00:10]}
{[%emt 00:00:06]} Rxa3 {[%clk 00:00:27]} {[%emt 00:00:06]} 57. Kxd6 {[%clk
00:00:10]} {[%emt 00:00:02]} Nd3 {[%clk 00:00:14]} {[%emt 00:00:23]} 58. Kd5
{[%clk 00:00:10]} {[%emt 00:00:05]} b2 {[%clk 00:00:14]} {[%emt 00:00:05]} 59.
Kd4 {[%clk 00:00:10]} {[%emt 00:00:08]} Kf5 {[%clk 00:00:14]} {[%emt 00:00:04]}
60. Rb7 {[%clk 00:00:07]} {[%emt 00:00:13]} Kf4 {[%clk 00:00:14]} {[%emt
00:00:04]} 61. Rf7 {[%clk 00:00:07]} {[%emt 00:00:08]} Kg3 {[%clk 00:00:14]}
{[%emt 00:00:02]} 62. Rb7 {[%clk 00:00:07]} {[%emt 00:00:07]} Kf2 {[%clk
00:00:14]} {[%emt 00:00:02]} 0-1

[Event "2025 National K-12 Grade Championship"]
[Site "Spokane, WI USA, United States"]
[Date "2025.12.13"]
[Round "4.8"]
[White "Dentchouk, Emmanuel"]
[Black "Shafer, Logan"]
[Result "0-1"]
[TimeControl "G/90; d10"]
[BlackTitle "CM"]
[WhiteFideId "30961904"]
[BlackFideId "30993342"]
[WhiteElo "2165"]
[BlackElo "2312"]

1. d4 {[%clk 01:25:35]} {[%emt 00:04:35]} Nf6 {[%clk 01:30:00]} {[%emt
00:00:07]} 2. Bf4 {[%clk 01:25:29]} {[%emt 00:00:16]} d6 {[%clk 01:30:00]}
{[%emt 00:00:06]} 3. e3 {[%clk 01:25:10]} {[%emt 00:00:29]} Nbd7 {[%clk
01:29:57]} {[%emt 00:00:13]} 4. h3 {[%clk 01:24:31]} {[%emt 00:00:50]} g6
{[%clk 01:29:57]} {[%emt 00:00:07]} 5. Nf3 {[%clk 01:24:22]} {[%emt 00:00:19]}
Bg7 {[%clk 01:29:57]} {[%emt 00:00:06]} 6. Be2 {[%clk 01:24:22]} {[%emt
00:00:04]} O-O {[%clk 01:29:57]} {[%emt 00:00:06]} 7. O-O {[%clk 01:24:22]}
{[%emt 00:00:04]} b6 {[%clk 01:29:57]} {[%emt 00:00:04]} 8. c4 {[%clk
01:22:48]} {[%emt 00:01:44]} Bb7 {[%clk 01:29:57]} {[%emt 00:00:08]} 9. Nc3
{[%clk 01:22:48]} {[%emt 00:00:06]} Ne4 {[%clk 01:29:24]} {[%emt 00:00:43]} 10.
Nxe4 {[%clk 01:17:51]} {[%emt 00:05:07]} Bxe4 {[%clk 01:29:24]} {[%emt
00:00:03]} 11. Bh2 {[%clk 01:16:26]} {[%emt 00:01:35]} Bb7 {[%clk 01:27:58]}
{[%emt 00:01:37]} 12. Rc1 {[%clk 01:14:20]} {[%emt 00:02:15]} a5 {[%clk
01:22:17]} {[%emt 00:05:52]} 13. Qc2 {[%clk 01:08:30]} {[%emt 00:05:59]} e5
{[%clk 01:20:47]} {[%emt 00:01:40]} 14. Rfd1 {[%clk 01:00:10]} {[%emt
00:08:29]} Qe7 {[%clk 01:19:42]} {[%emt 00:01:16]} 15. b3 {[%clk 00:54:44]}
{[%emt 00:05:36]} Rfe8 {[%clk 01:16:28]} {[%emt 00:03:25]} 16. a3 {[%clk
00:53:46]} {[%emt 00:01:07]} exd4 {[%clk 01:07:12]} {[%emt 00:09:26]} 17. Nxd4
{[%clk 00:53:46]} {[%emt 00:00:07]} Nc5 {[%clk 01:06:24]} {[%emt 00:00:56]} 18.
b4 {[%clk 00:47:21]} {[%emt 00:06:37]} axb4 {[%clk 01:05:48]} {[%emt 00:00:46]}
19. axb4 {[%clk 00:47:21]} {[%emt 00:00:04]} Be4 {[%clk 01:05:08]} {[%emt
00:00:50]} 20. Qb2 {[%clk 00:43:04]} {[%emt 00:04:26]} Ne6 {[%clk 01:03:23]}
{[%emt 00:01:57]} 21. Qd2 {[%clk 00:40:02]} {[%emt 00:03:11]} Nxd4 {[%clk
00:51:17]} {[%emt 00:12:16]} 22. exd4 {[%clk 00:40:02]} {[%emt 00:00:05]} Bxg2
{[%clk 00:48:56]} {[%emt 00:02:32]} 23. Kxg2 {[%clk 00:34:59]} {[%emt
00:05:12]} Qxe2 {[%clk 00:48:56]} {[%emt 00:00:05]} 24. Qxe2 {[%clk 00:33:07]}
{[%emt 00:02:01]} Rxe2 {[%clk 00:48:56]} {[%emt 00:00:02]} 25. c5 {[%clk
00:26:55]} {[%emt 00:06:22]} Bh6 {[%clk 00:40:53]} {[%emt 00:08:12]} 26. Rc3
{[%clk 00:25:22]} {[%emt 00:01:44]} Raa2 {[%clk 00:40:02]} {[%emt 00:01:01]} 27.
Bg3 {[%clk 00:25:04]} {[%emt 00:00:27]} Be3 {[%clk 00:26:39]} {[%emt 00:13:34]}
28. cxd6 {[%clk 00:21:14]} {[%emt 00:04:01]} cxd6 {[%clk 00:26:39]} {[%emt
00:00:05]} 29. Kf3 {[%clk 00:20:38]} {[%emt 00:00:44]} Bxf2 {[%clk 00:25:28]}
{[%emt 00:01:21]} 30. Bxd6 {[%clk 00:19:56]} {[%emt 00:00:53]} Bh4 {[%clk
00:24:15]} {[%emt 00:01:22]} 31. d5 {[%clk 00:15:03]} {[%emt 00:05:03]} Kg7
{[%clk 00:18:49]} {[%emt 00:05:36]} 32. Rc8 {[%clk 00:10:31]} {[%emt 00:04:42]}
Bg5 {[%clk 00:13:45]} {[%emt 00:05:14]} 33. Rd3 {[%clk 00:08:14]} {[%emt
00:02:27]} f5 {[%clk 00:12:16]} {[%emt 00:01:39]} 34. h4 {[%clk 00:05:58]}
{[%emt 00:02:26]} Rf2+ {[%clk 00:10:15]} {[%emt 00:02:11]} 35. Kg3 {[%clk
00:05:58]} {[%emt 00:00:07]} f4+ {[%clk 00:10:15]} {[%emt 00:00:07]} 36. Kg4
{[%clk 00:04:58]} {[%emt 00:01:11]} Rg2+ {[%clk 00:10:15]} {[%emt 00:00:07]} 37.
Kh3 {[%clk 00:04:48]} {[%emt 00:00:20]} Rh2+ {[%clk 00:10:15]} {[%emt
00:00:04]} 38. Kg4 {[%clk 00:04:48]} {[%emt 00:00:03]} Rhg2+ {[%clk 00:10:15]}
{[%emt 00:00:05]} 39. Kh3 {[%clk 00:04:48]} {[%emt 00:00:05]} Rh2+ {[%clk
00:10:15]} {[%emt 00:00:01]} 40. Kg4 {[%clk 00:04:48]} {[%emt 00:00:04]} Rag2+
{[%clk 00:10:15]} {[%emt 00:00:07]} 41. Kf3 {[%clk 00:04:48]} {[%emt 00:00:09]}
Rg3+ {[%clk 00:10:15]} {[%emt 00:00:02]} 0-1

[Event "2025 National K-12 Grade Championship"]
[Site "Spokane, WI USA, United States"]
[Date "2025.12.13"]
[Round "4.9"]
[White "Suarez, Sebastian"]
[Black "Marian, Aaron"]
[Result "1-0"]
[TimeControl "G/90; d10"]
[WhiteFideId "30979080"]
[BlackFideId "30964300"]
[WhiteElo "2299"]
[BlackElo "2143"]

1. e4 {[%clk 01:22:27]} {[%emt 00:07:42]} c5 {[%clk 01:29:58]} {[%emt
00:00:12]} 2. Nf3 {[%clk 01:22:27]} {[%emt 00:00:05]} Nc6 {[%clk 01:29:58]}
{[%emt 00:00:06]} 3. d4 {[%clk 01:22:27]} {[%emt 00:00:05]} cxd4 {[%clk
01:29:58]} {[%emt 00:00:05]} 4. Nxd4 {[%clk 01:22:27]} {[%emt 00:00:02]} Nf6
{[%clk 01:29:58]} {[%emt 00:00:07]} 5. Nc3 {[%clk 01:22:27]} {[%emt 00:00:05]}
e6 {[%clk 01:29:58]} {[%emt 00:00:06]} 6. Ndb5 {[%clk 01:22:27]} {[%emt
00:00:06]} Bc5 {[%clk 01:29:58]} {[%emt 00:00:07]} 7. Bf4 {[%clk 01:22:26]}
{[%emt 00:00:11]} O-O {[%clk 01:29:58]} {[%emt 00:00:07]} 8. Bc7 {[%clk
01:22:26]} {[%emt 00:00:04]} Qe7 {[%clk 01:29:58]} {[%emt 00:00:04]} 9. Bd6
{[%clk 01:22:26]} {[%emt 00:00:05]} Bxd6 {[%clk 01:29:58]} {[%emt 00:00:04]} 10.
Qxd6 {[%clk 01:22:26]} {[%emt 00:00:06]} Qd8 {[%clk 01:29:58]} {[%emt
00:00:04]} 11. O-O-O {[%clk 01:22:26]} {[%emt 00:00:09]} a6 {[%clk 01:29:58]}
{[%emt 00:00:06]} 12. Nd4 {[%clk 01:22:26]} {[%emt 00:00:04]} Qb6 {[%clk
01:29:35]} {[%emt 00:00:33]} 13. Nxc6 {[%clk 01:15:50]} {[%emt 00:06:46]} bxc6
{[%clk 01:29:35]} {[%emt 00:00:02]} 14. f3 {[%clk 01:05:29]} {[%emt 00:10:31]}
Ne8 {[%clk 01:27:23]} {[%emt 00:02:22]} 15. Qa3 {[%clk 01:04:44]} {[%emt
00:00:55]} Qe3+ {[%clk 01:22:31]} {[%emt 00:05:02]} 16. Kb1 {[%clk 01:04:23]}
{[%emt 00:00:32]} d5 {[%clk 01:18:42]} {[%emt 00:03:58]} 17. Bd3 {[%clk
01:04:02]} {[%emt 00:00:32]} Nc7 {[%clk 01:14:43]} {[%emt 00:04:09]} 18. Qa5
{[%clk 00:49:43]} {[%emt 00:14:29]} Qa7 {[%clk 01:09:31]} {[%emt 00:05:21]} 19.
Na4 {[%clk 00:47:47]} {[%emt 00:02:06]} Rb8 {[%clk 01:06:32]} {[%emt 00:03:09]}
20. f4 {[%clk 00:44:10]} {[%emt 00:03:47]} Nb5 {[%clk 01:05:08]} {[%emt
00:01:34]} 21. exd5 {[%clk 00:33:58]} {[%emt 00:10:22]} cxd5 {[%clk 01:00:46]}
{[%emt 00:04:32]} 22. Rhf1 {[%clk 00:32:16]} {[%emt 00:01:52]} Bd7 {[%clk
00:55:22]} {[%emt 00:05:32]} 23. Ka1 {[%clk 00:28:20]} {[%emt 00:04:09]} Rfc8
{[%clk 00:51:45]} {[%emt 00:03:46]} 24. g4 {[%emt 00:07:50]} Na3 {[%clk
00:46:53]} {[%emt 00:01:52]} 25. Nc3 {[%clk 00:23:00]} {[%emt 00:00:59]} Nc4
{[%clk 00:43:12]} {[%emt 00:03:52]} 26. Bxc4 {[%clk 00:23:00]} {[%emt
00:00:05]} Rxc4 {[%clk 00:43:06]} {[%emt 00:00:14]} 27. Rd2 {[%clk 00:21:56]}
{[%emt 00:01:15]} Qb7 {[%clk 00:39:12]} {[%emt 00:04:04]} 28. b3 {[%clk
00:21:07]} {[%emt 00:01:00]} Rc7 {[%clk 00:36:41]} {[%emt 00:02:40]} 29. Ne2
{[%clk 00:19:29]} {[%emt 00:01:49]} Bb5 {[%clk 00:35:44]} {[%emt 00:01:06]} 30.
Rf2 {[%clk 00:19:10]} {[%emt 00:00:29]} Bxe2 {[%clk 00:34:25]} {[%emt
00:01:29]} 31. Rdxe2 {[%clk 00:19:06]} {[%emt 00:00:15]} Qa7 {[%clk 00:21:52]}
{[%emt 00:12:41]} 32. Qa4 {[%clk 00:15:47]} {[%emt 00:03:30]} Qc5 {[%clk
00:21:09]} {[%emt 00:00:53]} 33. Kb1 {[%clk 00:15:17]} {[%emt 00:00:41]} a5
{[%clk 00:19:30]} {[%emt 00:01:48]} 34. f5 {[%clk 00:14:39]} {[%emt 00:00:49]}
Qc6 {[%clk 00:17:22]} {[%emt 00:02:17]} 35. Qxa5 {[%clk 00:10:22]} {[%emt
00:04:27]} Ra8 {[%clk 00:15:52]} {[%emt 00:01:41]} 36. Qe1 {[%clk 00:10:22]}
{[%emt 00:00:01]} Qa6 {[%clk 00:14:29]} {[%emt 00:01:33]} 37. a4 {[%clk
00:10:22]} {[%emt 00:00:02]} Rb7 {[%clk 00:14:03]} {[%emt 00:00:35]} 38. fxe6
{[%clk 00:09:25]} {[%emt 00:01:07]} fxe6 {[%clk 00:14:03]} {[%emt 00:00:04]} 39.
Rf4 {[%clk 00:09:09]} {[%emt 00:00:26]} Qd6 {[%clk 00:12:55]} {[%emt 00:01:19]}
40. Rd4 {[%clk 00:07:35]} {[%emt 00:01:43]} Rb6 {[%clk 00:12:32]} {[%emt
00:00:33]} 41. Qc3 {[%clk 00:07:13]} {[%emt 00:00:32]} Rab8 {[%clk 00:11:22]}
{[%emt 00:01:20]} 42. Kb2 {[%clk 00:06:25]} {[%emt 00:00:58]} Rc6 {[%clk
00:10:49]} {[%emt 00:00:43]} 43. Qe3 {[%clk 00:06:13]} {[%emt 00:00:21]} Rbc8
{[%clk 00:10:41]} {[%emt 00:00:19]} 44. Rf4 {[%clk 00:05:51]} {[%emt 00:00:31]}
e5 {[%clk 00:10:23]} {[%emt 00:00:28]} 45. Rf5 {[%clk 00:05:35]} {[%emt
00:00:27]} e4 {[%clk 00:09:08]} {[%emt 00:01:26]} 46. Qd4 {[%clk 00:05:30]}
{[%emt 00:00:14]} Rd8 {[%clk 00:08:42]} {[%emt 00:00:36]} 47. Rd2 {[%clk
00:05:20]} {[%emt 00:00:20]} Rc5 {[%clk 00:07:43]} {[%emt 00:01:09]} 48. Qxe4
{[%clk 00:04:22]} {[%emt 00:01:08]} g6 {[%clk 00:04:53]} {[%emt 00:02:59]} 49.
Re5 {[%clk 00:04:15]} {[%emt 00:00:18]} Qf6 {[%clk 00:04:26]} {[%emt 00:00:37]}
50. Qd4 {[%clk 00:04:15]} 1-0